Vista normal
Vista MARC
Entrada Personal Name
Número de registros utilizados en: 1
001 - CONTROL NUMBER
- control field: 7159
003 - CONTROL NUMBER IDENTIFIER
- control field: OSt
005 - DATE AND TIME OF LATEST TRANSACTION
- control field: 20200713210245.0
008 - FIXED-LENGTH DATA ELEMENTS
- fixed length control field: 200713|| aca||aabn | a|a d
040 ## - CATALOGING SOURCE
- Original cataloging agency: OSt
- Transcribing agency: OSt
100 ## - HEADING--PERSONAL NAME
- Personal name: Hawkins, Paula,
- Dates associated with a name: 1989
670 ## - SOURCE DATA FOUND
- Source citation: Work cat.: (OSt)3741: Hawkins, Paula, 1989 autora, La chica del tren / , ©2015